| 000 | 01349cam a2200349 i 4500 | ||
|---|---|---|---|
| 999 |
_c93075 _d93074 |
||
| 005 | 20190626142055.0 | ||
| 008 | 130709s2014 njuab b 001 0 eng | ||
| 020 | _a9789332539242 | ||
| 080 |
_a004.438R _bLAN |
||
| 100 | 1 | _aLander, Jared P | |
| 245 | 1 | 0 |
_aR for everyone _badvanced analytics and graphics |
| 260 |
_aNoida _bPearson _c2014 |
||
| 300 |
_axxi, 432 pages _billustrations, maps _c24 cm. |
||
| 490 | 0 | _aAddison Wesley Data & Analytics Series | |
| 650 | 0 | _aR (Computer program language) | |
| 650 | 0 | _aScripting languages (Computer science) | |
| 650 | 0 |
_aStatistics _xData processing. |
|
| 650 | 0 |
_aStatistics _xGraphic methods _xData processing. |
|
| 650 | 0 | _aComputer simulation. | |
| 942 | _cBK | ||